Identifying Languages - Click the Flag #1 - Statistics

General Stats
  • This quiz has been taken 122 times
  • The average score is 17 of 24
Answers on the Map
Answers color-coded by a green-red scale on the quiz's map according to % correct below.
 
Answer Stats
Answer % Correct
Mein Vater interessiert sich für das Angeln
91%
My father is interested in fishing
90%
Mi padre se interesa por la pesca
86%
Mon père s’intéresse à la pêche
86%
Wǒ fùqīn duì diàoyú hěn gǎn xìngqù
85%
Watashi no chichi wa tsuri ni kyōmi ga arimasu
83%
Babam balıkçılıkla ilgileniyor
82%
Bố tôi thích câu cá
77%
Můj otec se zajímá o rybaření
77%
Pater meus piscatur libenter
76%
Mio padre si interessa di pesca
74%
Meu pai se interessa por pesca
73%
Walidi muhtam biṣ-ṣayd
73%
Isäni on kiinnostunut kalastuksesta
72%
Min pappa är intresserad av fiske
71%
Mój ojciec interesuje się wędkarstwem
69%
Moy otets interesuetsya rybalkoy
68%
Abeojineun nakksie gwansim-i manh-eusibnida
65%
Mere pita machhli pakadne mein ruchi rakhte hain
59%
Faren min er interessert i fisking
51%
Chemi mama dainteresebulia tevzaobit
49%
Min far er interesseret i fiskeri
49%
Mano tėvas domisi žvejyba
45%
My vader stel belang in visvang
44%
No matching quizzes found
Score Distribution
Percent of People with Each Score
Percentile by Number Answered
Your Score History
You have not taken this quiz